Hauptfarbe von Nationalflaggen - Statistiken

Allgemein
  • Dieses Quiz wurde 155 mal gespielt
  • Das Durchschnittsergebnis liegt bei 27 aus 35
Antwortstatistiken
Hint Antwort % Korrekt
China rot
92%
Türkei rot
92%
Albanien rot
90%
Schweiz rot
90%
Japan weiß
88%
Australien blau
87%
Neuseeland blau
87%
Marokko rot
85%
Montenegro rot
85%
Zypern weiß
85%
Saudi-Arabien grün
84%
Vietnam rot
83%
Lettland rot
83%
Bangladesch grün
81%
Tunesien rot
81%
Kasachstan blau
79%
Trinidad und Tobago rot
79%
Nauru blau
78%
Kosovo blau
77%
Bahrain rot
77%
Palau blau
76%
Marshallinseln blau
75%
Taiwan rot
75%
Katar rot
73%
St. Lucia blau
72%
Somalia blau
70%
Tuvalu blau
68%
Turkmenistan grün
68%
Sambia grün
67%
Israel weiß
67%
Osttimor rot
64%
Kirgisistan rot
64%
D. R. Kongo blau
61%
Afghanistan weiß
51%
Samoa rot
50%
Keine übereinstimmenden Quizze gefunden
Verteilung der Resultate
Anzahl Personen mit jedem Resultat
Perzentil nach korrekt beantworteten Fragen
Ihre Resultats-Entwicklung
Sie haben dieses Quiz noch nicht gespielt